Aggressive ural owl mothers recruit more offspring /
Đã lưu trong:
| 其他作者: | , , , , , |
|---|---|
| 格式: | Bài viết |
| 语言: | English |
| 主题: | |
| 标签: |
添加标签
没有标签, 成为第一个标记此记录!
|
| Thư viện lưu trữ: | Thư viện Trường Đại học Đà Lạt |
|---|
| LEADER | 01048nam a2200373 4500 | ||
|---|---|---|---|
| 001 | DLU090097951 | ||
| 005 | ##20091201 | ||
| 040 | # | # | |a DLU |b eng |
| 041 | # | # | |a eng |
| 044 | # | # | |a uk |
| 245 | # | # | |a Aggressive ural owl mothers recruit more offspring / |c Pekka Kontiainen ... [et al.]. |
| 653 | # | # | |a Natural selection |
| 653 | # | # | |a Nest defense |
| 653 | # | # | |a Personality |
| 653 | # | # | |a Strix uralensis |
| 653 | # | # | |a Survival |
| 653 | # | # | |a Temperament |
| 653 | # | # | |a Vole cycle |
| 700 | # | # | |a Brommer, Jon E. |
| 700 | # | # | |a Huttunen, Kalle. |
| 700 | # | # | |a Karell, Patrik. |
| 700 | # | # | |a Kolunen, Heikki. |
| 700 | # | # | |a Kontiainen, Pekka. |
| 700 | # | # | |a Pietiainena, Hannu. |
| 773 | # | # | |t Behavioral ecology |g Vol. 20, no. 4 (July-August 2009), p. 789-796 |
| 920 | # | # | |a Phòng Tạp chí -- Trung tâm Thông tin - Thư viện Trường Đại học Đà Lạt |
| 994 | # | # | |a DLU |
| 900 | # | # | |a True |
| 911 | # | # | |a Trương Bảo Trâm Anh |
| 925 | # | # | |a G |
| 926 | # | # | |a A |
| 927 | # | # | |a BB |
| 980 | # | # | |a Thư viện Trường Đại học Đà Lạt |